Ordinary and Partial Differential Equations (Record no. 217016)

MARC details
000 -LEADER
fixed length control field 00515nam a22001817a 4500
008 - FIXED-LENGTH DATA ELEMENTS--GENERAL INFORMATION
fixed length control field 260420b |||||||| |||| 00| 0 eng d
020 ## - INTERNATIONAL STANDARD BOOK NUMBER
International Standard Book Number 9789352836109
050 ## - LIBRARY OF CONGRESS CALL NUMBER
Classification number QA 371 .R35 2020
Item number C.1
100 ## - MAIN ENTRY--PERSONAL NAME
Personal name Raisinghania, M. D.
245 ## - TITLE STATEMENT
Title Ordinary and Partial Differential Equations
250 ## - EDITION STATEMENT
Edition statement Twentieth Edition
260 ## - PUBLICATION, DISTRIBUTION, ETC.
Place of publication, distribution, etc. New Delhi
Name of publisher, distributor, etc. S. Chand Publishing
Date of publication, distribution, etc. 2020
300 ## - PHYSICAL DESCRIPTION
Extent xxx, 912p.
500 ## - GENERAL NOTE
General note Includes index
650 ## - SUBJECT ADDED ENTRY
Topical term or geographic name entry element 1. Differential equations.
942 ## - ADDED ENTRY ELEMENTS (KOHA)
Source of classification or shelving scheme Library of Congress Classification
Koha item type Long Loan Book
Holdings
Withdrawn status Lost status Source of classification or shelving scheme Damaged status Not for loan Collection Home library Current library Date acquired Inventory number Total checkouts Full call number Barcode Date last seen Copy number Price effective from Koha item type
    Library of Congress Classification     Science & Technology Kisii University Library Kisii University Library 04/20/2026 113200   QA 371 .R35 2020 A001963 04/20/2026 C.1 04/20/2026 Long Loan Book
    Library of Congress Classification     Science & Technology Kisii University Library Kisii University Library 04/20/2026 113201   QA 371 .R35 2020 A001962 04/20/2026 C.2 04/20/2026 Long Loan Book
    Library of Congress Classification     Science & Technology Kisii University Library Kisii University Library 04/20/2026 113202   QA 371 .R35 2020 A001961 04/20/2026 C.3 04/20/2026 Long Loan Book
    Library of Congress Classification     Science & Technology Kisii University Library Kisii University Library 04/20/2026 113203   QA 371 .R35 2020 A001960 04/20/2026 C.4 04/20/2026 Long Loan Book